01579cam a2200301 a 45000010008000000030004000080050017000120080041000290100017000700350027000870400033001140420014001470820021001611110120001822450241003022600092005433000029006355000210006646500040008746500036009146500029009507000021009797000029010007100049010297100126010787100025012047100048012291190149OSt20230605111748.0970718s1995 pl a f100 0 eng d a 97173935  a(CStRLIN)NYDW9322374-B aSzGBNUcSzGBNUdCStRLINdDLC alccopycat a328.4380522bLUK2 aInternational Conference on Parliamentary Rules of Procedure and Parliamentary Practiced(1994 :cPułtusk, Poland)10aRules of procedure and parliamentary practice :bthe proceedings of the International Conference on Parliamentary Rules of Procedure and Parliamentary Practice, Pułtusk, 8-11 May 1994 /cedited by Danuta Łukasz, Wieslaw Staśkiewicz. aWarsaw :bBureau of Research, Chancellory of the Sejm of the Republic of Poland,c1995. a284 p. :bill. ;c24 cm. a"Co-sponsored by Special Task Force on the Development of Parliamentary Institutions in Eastern Europe, U.S. House of Representatives, European Parliament, Parliamentary Assembly of the Council of Europe." 0aParliamentary practicexCongresses. 0aLegislative bodiesxCongresses. 0aLegislationxCongresses.0 aŁukasz, Danuta.0 aStaśkiewicz, Wiesław.1 aPoland.bSejm.bBiuro Studiów i Ekspertyz.1 aUnited States.bCongress.bHouse.bSpecial Task Force on the Development of Parliamentary Institutions in Eastern Europe.2 aEuropean Parliament.2 aCouncil of Europe.bParliamentary Assembly.